000 00785nam a22002297a 4500
003 OSt
005 20240529132238.0
008 210310b ||||| |||| 00| 0 spa d
020 _a9789945220674
040 _aDO-SdBNP
_bspa
_cBNPHU
082 4 _aRD861.44
_bD948p
_222
100 0 _aDurán de González, Viola
_978059
_d1930-
245 1 3 _aLa perla oculta :
_bpoemas reunidos /
_cViola Durán de González
260 _aSanto Domingo :
_bAnticanon,
_c2020
300 _a79 p. ;
_c23 cm
500 _aIncluye datos biográficos de la autora en la solapa de la cubierta
590 _aInventariado, 2021 / DG
650 0 _aPoesía dominicana
_978060
650 0 _aLiteratura dominicana.
_967
910 _aInventariado, 2021 / DG/Validado. Control de calidad,MFF
942 _2ddc
_cLBS1
999 _c49528
_d49528